000 01294nam0a22003011 4500
001 v19\rc\1886830
005 20251118180347.1
035 _a(NLR Aleph) 004975235
090 _a6127181
_c6127181
100 _a20251123 rusy50
101 0 _arus
102 _aRU
105 _aa z |||||
200 1 _aПо поводу постройки временного и нового постоянного пассажирских зданий на ст. Юго-Западных железных дорог Киев I
_fК.В. Тихомиров, инж. пут. сообщ.
210 _aСанкт-Петербург
_cтип. Шредера
_d1910
215 _a225-232 с., 1 л. черт.
_d32
300 _aОбл. напеч. в тип. т-ва "Обществ. польза"
311 _aОтт. из журн. "Ж.-д. дело", 1909 г., № 42
488 0 _12001#$aЖелезнодорожное дело$v1909, № 42
_tЖелезнодорожное дело
700 1 _aТихомиров
_bК.В.
_f1869-
_gКонстантин Вениаминович
801 0 _aRU
_bNLR
_gpsbo
801 0 _aRU
_bRuMoRGB
_2psbo
801 1 _aRU
_bProSoft-M
_2rusmarc
852 _aNLR
_j38.77.1.880
899 _aRuMoRGB
_jC 26/137
899 _aБАН
942 _cBOOK
980 _aNB